| 000 | 02319nam a22004457a 4500 | ||
|---|---|---|---|
| 003 | OSt | ||
| 005 | 20260424104341.0 | ||
| 008 | 260424t2021 xxu||||| |||| 00| 0 eng d | ||
| 020 | _a9783030651695 | ||
| 020 | _a9783030651688 | ||
| 040 |
_aUnicoc _bspa _c00001 _d00001 |
||
| 082 | _a617.60285 | ||
| 100 |
_913043 _aJain, Priyanka |
||
| 245 |
_aDigitization in dentistry _b: Clinical applications _c/ Priyanka Jain, Mansi Gupta |
||
| 250 | _a1 Ed. | ||
| 260 |
_aSuiza : _bSpringer , _c2021. |
||
| 300 |
_a424 páginas _bIlustraciones, diagramas, tablas, gráficas |
||
| 500 | _aIncluye referencias bibliográficas | ||
| 505 |
_t1. Artificial intelligence and big data in dentistry. -- _t2. Digital diagnosis and treatment planning. -- _t3. Digital oral radiography. -- _t4. Digitalization in endodontics. -- _t5. Digitization and Dental Lasers. -- _t6. Digital impressions. -- _t7. Digital orthodontics. -- _t8. Digital occlusal analysis and force finishing. -- _t9. Digitization in management of temporomandibular disorders. -- _t11. Digitization in operative dentistry. -- _t12. Dental implants and digitization. -- _t13. Digital smile design. -- _t14. Virtual reality in dentistry. |
||
| 526 | _5Unicoc | ||
| 546 | _aInglés | ||
| 650 | 0 |
_911097 _aOdontología digital |
|
| 650 | 0 |
_9253 _aOdontología _xSistemas tecnológicos |
|
| 650 | 0 |
_910540 _aInteligencia artificial _vAplicaciones médicas |
|
| 650 | 0 |
_912998 _aEndodoncia digital |
|
| 650 | 0 |
_912509 _aOrtodoncia digital |
|
| 650 | 0 |
_913000 _aProstodoncia digital |
|
| 650 | 0 |
_912964 _aImplantología dental digital |
|
| 650 | 0 |
_913031 _aFotografía dental digital |
|
| 650 | 0 |
_96097 _aDiagnóstico clínico _vMétodos computacionales |
|
| 658 | 0 |
_98071 _aEspecialización en Endodoncia |
|
| 658 | 0 |
_98315 _aPrograma de Odontología |
|
| 658 | 0 |
_98072 _aEspecialización en Periodoncia |
|
| 658 | 0 |
_911722 _aEspecialización en Ortodoncia y Ortopedia Maxilar |
|
| 658 | 0 |
_98074 _aEspecialización en Rehabilitación Oral |
|
| 658 | 0 |
_98073 _aEspecialización en Prostodoncia |
|
| 700 |
_913044 _aGupta, Mansi |
||
| 856 |
_yAcceso online exclusivo para comunidad Unicoc. _uhttps://unicoceduco-my.sharepoint.com/:b:/g/personal/direccionbiblioteca_unicoc_edu_co/IQAS5mHQ4z84RaLJjz-4d0F8AYlBFh9uAZm35uQC7G8L3dg |
||
| 942 |
_2ddc _cEBOOK |
||
| 999 |
_c10879 _d10879 |
||